000 00886cab a2200289 4500
001 WB3340-39
008 090401t1997 xxu||||| |||| 00| 0 eng d
035 _a(Sirsi) u81523
041 _aeng
245 _aWales 2000
260 _c1997
350 _a0
490 _aWestern Mail
_vSupplement October 1997, (34)
520 _aSurvey on Wales. Covers the new Welsh Assembly, the Wales Millennium Centre, environmental issues, inward investment, the housing market , Bridgend designer outlet village and Caerphilly.
650 _aBRIDGEND DESIGNER OUTLET VILLAGE
650 _aCAERPHILLY
650 _aDEVOLUTION
650 _aGREEN SEA INITIATIVE
650 _aHOUSING MARKET
650 _aINWARD INVESTMENT
650 _aWALES
650 _aWELSH ASSEMBLY
650 _aWELSH MILLENNIUM CENTRE
690 _aSPECIAL REPORTS
942 _n0
948 _c17/10/1997
999 _c51365
_d51365